Statistics for Game of Thrones Characters

Click here to take the quiz!

General Stats

  • This quiz has been taken 5,560 times
  • The average score is 23 of 29

Answer Stats

HintAnswer% Correct
Bastard born to The Lord of WinterfellJon Snow
99%
Drunken dwarfTyrion Lannister
96%
Sees a three eyed crow in his dreams, cannot walkBran Stark
92%
Twin sister of JaimeCersei Lannister
91%
Boy king of WesterosJoffery Baratheon
91%
Leader of the DothrakiKhal Drogo
90%
Crowns himself King of the North to avenge his fatherRobb Stark
90%
ReekTheon Greyjoy
86%
Lady KnightBrienne of Tarth
85%
Mother of dragonsDaenerys Targaryen
84%
"The Mountain"Gregor Clegane
83%
Called "The Spider"Varys
83%
Widow of Jon ArrynLysa Tully
81%
Brother of aboveSandor Clegane
81%
Says "You know nothing"Ygritte
80%
Mother of aboveCatelyn Tully
79%
King Beyond the WallMance Rayder
79%
Fat steward at the Nights WatchSamwell Tarly
79%
Deceased Lord of WinterfellEddard Stark
78%
The cunning Master of CoinPetyr Baelish
78%
"Bastard of Bolton"Ramsay Snow
78%
Blacksmiths apprentice, bastard of Robert BaratheonGendry
77%
Red PriestessMelisandre
76%
"The Bear," follower of the Dragon QueenJorah Mormont
73%
Sellsword friend of the dwarfBronn
71%
The Onion KnightDavos Seaworth
70%
Lord of Dragonstone, Crowns himself King of WesterosStannis Baratheon
68%
Was married to Renly BaratheonMargaery Tyrell
65%
Daughter/Wife of CrasterGilly
64%

Score Distribution

Percentile by Number Answered

Percent of People with Each Score

Your Score History

You have not taken this quiz